00788nam a2200229 a 4500001001000000003000900010005001700019008004100036040002500077082001900102100002600121245010000147250001100247260003800258300002100296650003100317650003300348700002900381942001400410952011700424999001700541000022886DO-SdBNP20251022101015.0101122s1965 ag r 000 | spa d aDO-SdBNPbspacBNPHU 4a336.294bW721f1 aWilliams, Alan94704110aFinanzas públicas y política presupuestaria /cAlan Williams ; traducción de Flora Brust. a2a ed. aBuenos Aires :bAmorrortu,c1965. a286 p. ;c23 cm. 0aFinanzas públicas932168 4aPolítica financiera9470421 aBrust, Floraetr.947043 2ddccLBS1 001050718MOaGRbGRcCTd2010-11-22iLF1l0o336.294 W721fp22886-10r2020-06-25w2020-06-25y1ZNo se presta c22383d22383